000 00753nas a2200229 4500
001 BR0104124
003 BR-BrBNA
005 20231205102410.0
007 ta
008 230509b bl.|||p| |||| 00| 00por d
040 _aBR-BrBNA
_bpor
_cBiblioteca Nacional de Agricultura
041 _a(Pt)
072 _aE70
100 1 _aDuran, T.A.
245 1 _aDireitos de propriedade e vantagem competitiva ao longo da cadeia agroalimentar
650 _aCadeia Alimentar
650 _aMercado
773 0 _tRevista de Política Agrícola (Brazil)
_xISSN 1413-4969
_g(Jul-Sep 2000), v. 9(3) p. 61-62
_wBR0104124
856 4 _uRev_Pol_Agr_v9_n3-2000.pdf#page=62
_yRecurso eletrônico (PDF)
909 _a202311
_bLúcia
_c55
_dLúcia Elande
942 _2AGRIS
_n0
_cANA
999 _c167373
_d167373